000 00311nam a2200121 i 4500
001 bg
245 0 _aCzas reformy :
_bOkres przejściowy i rozwiazania systemowe w tym okresie.
_nZ.5.
260 _aWarszawa,
_c1983.
040 _cBPK
041 _apol
942 _cKS
008 s pl f |000 0 pol
999 _c21897
_d21897
856 _uhttp://koha.tu.koszalin.pl/cgi-bin/koha/opac-detail.pl?biblionumber=21897
_yKatalog online BPK